000 00367nam a2200145Ia 4500
008 210716s9999 xx 000 0 und d
041 _aeng
082 _a004 CMCC
100 _aCMC.
245 _aComputers internet and essentials.
250 _a1
260 _aKolkata
_bCMC Computer Education
300 _a92
650 _aData processing, Computer science(004)
999 _c185294
_d185294